000 02032cam a22003378a 4500
001 17088619
003 OSt
005 20150408114220.0
008 111215s2012 pau b 001 0 eng
010 _a 2011051754
020 _a9781455700844 (pbk. : alk. paper)
035 _a(DNLM)101574715
040 _aDNLM/DLC
_cDLC
042 _apcc
060 1 0 _aWN 18.2
082 0 0 _a616.07548 DRD
_223
245 0 0 _aDuke review of MRI principles /
_cWells Mangrum ... [et al.].
246 1 _aReview of MRI principles
260 _aPhiladelphia, PA :
_bElsevier/Mosby,
_cc2012.
263 _a1204
300 _ap. ;
_ccm.
490 1 _aCase review series
504 _aIncludes bibliographical references and index.
505 0 _aT1 contrast / Phil Hoang ... [et al.] -- T2 contrast / Scott Duncan and Tim Amrhein -- Proton density / Kimball Christianson ... [et al.] -- Gadolinium-based contrast agents / Kimball Christianson, Allen Song, Elmar Merkle -- Preparatory pulses / Phil Hoang ... [et al.] -- Inversion recovery / Phil Hoang ... [et al] -- Chemical shift type II artifact / Scott Duncan and Tim Amrhein -- Susceptibility artifact / Wells Mangrum, Elmar Merkle, Allen Song -- Motion, pulsation and other artifacts / Kimball Christianson ... [et al.] -- Flow related contrast / Scott Duncan and Tim Amrhein -- Time of flight imaging / Scott Duncan and Tim Amrhein -- Time-resolved contrast enhanced MRA / Kimball Christianson ... [et al.] -- Phase contrast / Scott Duncan and Tim Amrhein -- Diffusion MRI / Kimball Christianson ... [et al.] -- Perfusion MRI / Wells Mangrum ... [et al.] -- Magnetic resonance spectroscopy / Wells Mangrum, Allen Song, Jeffrey Petrella -- Function MRI -- Wells Mangrum ... [et al.].
650 1 2 _aMagnetic Resonance Imaging
_vCase Reports.
_911153
650 1 2 _aMagnetic Resonance Imaging
_vProblems and Exercises.
_918734
700 1 _aMangrum, Wells.
_945667
830 0 _aCase review series.
_945668
906 _a7
_bcbc
_corignew
_d1
_eecip
_f20
_gy-gencatlg
942 _2ddc
_cBOOK
999 _c35305
_d269805